Bankový marketing.

Kapitálové toky predstavujú astronomické čiastky, osobitne ak sa jedná o multinárodné spoločnosti. Uvedenie najväčších svetových bánk, ktoré sú schopné obslúžiť medzinárodnú klientelu. Rozmer požiadaviek na bankovú službu vo svetle obratu najväčších svetových spoločností.

Enregistré dans:
Détails bibliographiques
Format: Chapitre de livre
Langue:tchèque
Sujets:
Tags: Ajouter un tag
Pas de tags, Soyez le premier à ajouter un tag!

MARC

LEADER 00000naa a2200000 4500
001 r012262
005 20220826094835.1
041 0 |a cze 
044 |a SK 
245 1 0 |a Bankový marketing. 
520 |a Kapitálové toky predstavujú astronomické čiastky, osobitne ak sa jedná o multinárodné spoločnosti. Uvedenie najväčších svetových bánk, ktoré sú schopné obslúžiť medzinárodnú klientelu. Rozmer požiadaviek na bankovú službu vo svetle obratu najväčších svetových spoločností. 
610 2 0 |a banky 
610 2 0 |a svet 
610 2 0 |a marketing 
610 2 0 |a spoločnosti nadnárodné